Quiz culture générale de football - Statistiques

Statistiques générales
  • Ce quiz a été pris 244 fois
  • Le résultat moyen est 5 sur 10
Statistiques - réponses
Question Réponse % Correct
Qui a inscrit le quintuplé le plus rapide de l'histoire ? Robert Lewandowski contre Vfl Wolfsburg
88%
Lequel de ces joueurs a marqué plus de 500 buts en carrière (23 octobre 2025) ? Karim Benzema
77%
Quelle équipe nationale a gagné le plus de Coupes du Monde ? Argentine
76%
Quel club parmi les 4 a gagné une Ligue Des Champions en premier ? Nottingham Forrest
71%
Qui parmi ces joueurs a gagné le prix Puskás (plus beau but de la saison) ? Heung-Min Son
36%
Qui est le plus grand entre ces joueurs ? Isaak Touré
35%
Qui a gagné le plus de Ligues Des Champions entre tous ces joueurs ? Francisco Gento
32%
Quel joueur a fait le plus de passes décisives dans sa carrière ? Thomas Müller
28%
Qui est le plus jeune buteur de l'histoire de la Ligue Des Champions ? Ansu Fati
25%
Quel joueur est plus vieux ? Zlatan Ibrahimović
17%
Aucun quiz correspondant
Distribution des résultats
% des personnes avec chaque résultat
Percentile par nombre de réponses
Votre historique - résultats
Vous n’avez pas pris ce quiz